[Event "Online Olym Div2 E 2021"]
[Site "chess.com INT"]
[Date "2021.09.03"]
[Round "5.3"]
[Board "5"]
[White "Glaves, Raheem"]
[Black "Melian, Juan Sebastian"]
[Result "0-1"]
[WhiteTitle "FM"]
[BlackTitle "CM"]
[WhiteElo "2139"]
[BlackElo "1978"]
[WhiteTeam "Jamaica"]
[BlackTeam "Paraguay"]
[WhiteFideId "7402724"]
[BlackFideId "3706575"]
[EventDate "2021.09.02"]
[EventType "team"]

1. d4 Nf6 2. Nf3 e6 3. c3 b6 4. a4 a6 5. g3 Bb7 6. Bg2 d6 7. O-O Nbd7 8. Na3 Be7
9. Nc4 O-O 10. h3 Re8 11. Qc2 Be4 12. Qd2 b5 13. Ne3 Qb8 14. Ng4 Qb7 15. Nxf6+
Bxf6 16. Qf4 e5 17. Qg4 g6 18. Qxd7 Rad8 19. Ng5 Bxg5 20. Qg4 Bxg2 21. Bxg5 Bxf1
22. Rxf1 f5 23. Qh4 Rd7 24. dxe5 dxe5 25. Re1 Qe4 26. Qh6 Qxa4 27. e4 Rd1 28.
exf5 Rxe1+ 29. Kh2 Qe4 0-1

[Event "Online Olym Div2 E 2021"]
[Site "chess.com INT"]
[Date "2021.09.03"]
[Round "5.3"]
[Board "6"]
[White "Oviedo Acosta, Paula"]
[Black "Brown, Raehanna"]
[Result "1-0"]
[BlackTitle "WCM"]
[WhiteElo "1637"]
[BlackElo "1594"]
[WhiteTeam "Paraguay"]
[BlackTeam "Jamaica"]
[WhiteFideId "3704394"]
[BlackFideId "7402740"]
[EventDate "2021.09.02"]
[EventType "team"]

1. e4 c5 2. Nf3 Nc6 3. d4 cxd4 4. Nxd4 Nf6 5. Nc3 g6 6. Be3 Bg7 7. Be2 O-O 8.
Qd2 d5 9. exd5 Nxd5 10. Nxc6 bxc6 11. Rd1 Be6 12. Bh6 Qa5 13. Bxg7 Kxg7 14. Nxd5
Qxd2+ 15. Rxd2 Bxd5 16. O-O Rab8 17. b3 a5 18. c4 Be6 19. Bf3 Rfc8 20. Rb1 Bxc4
21. Re1 Be6 22. Rc1 Rb6 23. h3 h6 24. Rc5 Ra6 25. Be2 Ra7 26. Rdc2 a4 27. b4 Rb8
28. a3 Bb3 29. R2c3 Rd7 30. Rxc6 Rd2 31. Bc4 Rb2 32. Rf3 e6 33. Rc7 Rf8 34. Re3
Rd8 35. Rf3 Rf8 36. Bxb3 Rxb3 37. Rxb3 axb3 38. Rc3 b2 39. Rb3 Ra8 40. Rxb2 Rxa3
41. b5 Ra7 42. Kf1 Kf6 43. Ke2 Ke5 44. Ke3 g5 45. g3 Rb7 46. f4+ gxf4+ 47. gxf4+
Kd6 48. Kd4 Rb6 49. Rb3 f6 50. h4 h5 51. Rb1 Rb8 52. Rb2 Rb6 53. Kc4 Rb8 54.
Rd2+ Kc7 55. Kc5 Rd8 56. b6+ Kc8 57. Rxd8+ Kxd8 58. Kd6 e5 59. b7 1-0

[Event "Online Olym Div2 E 2021"]
[Site "chess.com INT"]
[Date "2021.09.03"]
[Round "5.4"]
[Board "1"]
[White "Juarez Flores, Carlos A."]
[Black "Quesada Perez, Yasser"]
[Result "1-0"]
[WhiteTitle "IM"]
[BlackTitle "GM"]
[WhiteElo "2374"]
[BlackElo "2568"]
[WhiteTeam "Guatemala"]
[BlackTeam "Cuba"]
[WhiteFideId "7300018"]
[BlackFideId "3509362"]
[EventDate "2021.09.02"]
[EventType "team"]

1. e4 c5 2. Nf3 Nc6 3. d4 cxd4 4. Nxd4 Qb6 5. Nb3 Nf6 6. Nc3 e6 7. Bd3 Be7 8.
O-O O-O 9. Be3 Qc7 10. f4 d6 11. g4 Re8 12. g5 Nd7 13. f5 Nde5 14. Qh5 g6 15.
Qh4 Bf8 16. Rae1 Nb4 17. Bd4 Nexd3 18. cxd3 Nxd3 19. Re3 Ne5 20. Rh3 h5 21. gxh6
Qd8 22. fxg6 Qxh4 23. Rxh4 fxg6 24. Nc5 Be7 25. h7+ Kg7 26. h8=Q+ Rxh8 27. Rxh8
Kxh8 28. Rf7 Bg5 29. Bxe5+ dxe5 30. Rf8+ Kg7 31. Nxe6+ Bxe6 32. Rxa8 Bg4 33. Kg2
Be3 34. Rb8 Kh6 35. Rxb7 Kg5 36. Nd5 Bd4 37. Rh7 Bd1 38. Kg3 1-0

[Event "Online Olym Div2 E 2021"]
[Site "chess.com INT"]
[Date "2021.09.03"]
[Round "5.4"]
[Board "2"]
[White "Martinez Duany, Lelys Stanley"]
[Black "Ortiz Q, Johnny Alexander"]
[Result "1-0"]
[WhiteTitle "GM"]
[BlackTitle "FM"]
[WhiteElo "2520"]
[BlackElo "2192"]
[WhiteTeam "Cuba"]
[BlackTeam "Guatemala"]
[WhiteFideId "3504727"]
[BlackFideId "7300220"]
[EventDate "2021.09.02"]
[EventType "team"]

1. e4 c5 2. Nf3 d6 3. d3 Nc6 4. g3 g6 5. Bg2 Bg7 6. O-O e5 7. Nc3 Nge7 8. Nh4
O-O 9. f4 Nd4 10. f5 f6 11. Be3 Rb8 12. g4 b5 13. Nd5 Nxd5 14. exd5 gxf5 15.
gxf5 b4 16. Kh1 Qe8 17. Be4 Kh8 18. Rg1 Rg8 19. Ng6+ hxg6 20. fxg6 Bh6 21. Qh5
Rg7 22. Bxh6 f5 23. Bxg7+ Kxg7 24. Qh7+ Kf6 25. g7 Be6 26. dxe6 Qg8 27. Qg6+ Ke7
28. Bd5 Re8 29. Qg5# 1-0

[Event "Online Olym Div2 E 2021"]
[Site "chess.com INT"]
[Date "2021.09.03"]
[Round "5.4"]
[Board "3"]
[White "Mencos, Claudia"]
[Black "Miranda Llanes, Yerisbel"]
[Result "1/2-1/2"]
[WhiteTitle "WIM"]
[BlackTitle "WIM"]
[WhiteElo "1977"]
[BlackElo "2259"]
[WhiteTeam "Guatemala"]
[BlackTeam "Cuba"]
[WhiteFideId "7300573"]
[BlackFideId "3507700"]
[EventDate "2021.09.02"]
[EventType "team"]

1. e4 e5 2. Nf3 Nc6 3. Nc3 Nf6 4. Bb5 Bd6 5. Bxc6 dxc6 6. d4 Bg4 7. dxe5 Bxf3 8.
Qxf3 Bxe5 9. O-O O-O 10. Bg5 Qe7 11. Rae1 Qe6 12. Bf4 Rfe8 13. Bxe5 Qxe5 14. Qg3
Qxg3 15. hxg3 Rad8 16. f3 Nd7 17. Rd1 Ne5 18. Rxd8 Rxd8 19. Rd1 Rd6 20. Rxd6
cxd6 21. g4 f6 22. Kf2 Nc4 23. Nd1 Kf7 24. b3 Ne5 25. c4 Ke6 26. Ke3 g6 27. Nc3
Ke7 28. Ne2 Nd7 29. Kd4 Nc5 30. Nc3 Ne6+ 31. Ke3 Nc5 32. Kd4 Ne6+ 33. Ke3 Nc5
34. Kd4 1/2-1/2

[Event "Online Olym Div2 E 2021"]
[Site "chess.com INT"]
[Date "2021.09.03"]
[Round "5.4"]
[Board "4"]
[White "Linares Napoles, Oleiny"]
[Black "Mazariegos, Silvia Carolina"]
[Result "1-0"]
[WhiteTitle "WGM"]
[BlackTitle "WIM"]
[WhiteElo "2255"]
[BlackElo "1933"]
[WhiteTeam "Cuba"]
[BlackTeam "Guatemala"]
[WhiteFideId "3504794"]
[BlackFideId "7300115"]
[EventDate "2021.09.02"]
[EventType "team"]

1. d4 f5 2. Bf4 Nf6 3. e3 e6 4. Nf3 d5 5. c4 c6 6. Nc3 Bd6 7. Bd3 O-O 8. O-O Ne4
9. Qc2 g5 10. Bxd6 Nxd6 11. c5 Ne4 12. b4 Nd7 13. Ne2 h5 14. Ne5 Qc7 15. f3 Nef6
16. Qb2 Nh7 17. Rac1 Rf6 18. a4 Rh6 19. b5 h4 20. Rc2 Nhf6 21. Qc3 Nxe5 22. dxe5
Nd7 23. f4 g4 24. Nd4 Nf8 25. bxc6 bxc6 26. Rb1 Rh7 27. a5 h3 28. g3 a6 29. Rcb2
Nd7 30. Nxe6 Qa7 31. Bxf5 Nxc5 32. Bxh7+ Kxh7 33. Nxc5 1-0

[Event "Online Olym Div2 E 2021"]
[Site "chess.com INT"]
[Date "2021.09.03"]
[Round "5.4"]
[Board "5"]
[White "Molina Hun, Hieysson"]
[Black "Alvarez Calzadilla, Jose Avelino"]
[Result "0-1"]
[BlackTitle "FM"]
[WhiteElo "1506"]
[BlackElo "2287"]
[WhiteTeam "Guatemala"]
[BlackTeam "Cuba"]
[WhiteFideId "7303009"]
[BlackFideId "3526151"]
[EventDate "2021.09.02"]
[EventType "team"]

1. d4 Nf6 2. Nf3 g6 3. c4 Bg7 4. Nc3 d5 5. g3 O-O 6. Bg2 c6 7. cxd5 cxd5 8. O-O
Ne4 9. Nxe4 dxe4 10. Ne5 Nc6 11. Nxc6 bxc6 12. Bxe4 Qxd4 13. Qxd4 Bxd4 14. Bxc6
Rb8 15. Rb1 Rd8 16. Bg2 Bf5 17. e4 Be6 18. b3 Bc4 19. Kh1 Bxf1 20. Bxf1 Bxf2 21.
Bf4 Rbc8 22. Bc4 Bd4 23. Rf1 Kg7 24. g4 f6 25. h4 e5 26. Bc1 Bc5 27. g5 Be7 28.
gxf6+ Bxf6 29. Be3 a5 30. h5 Rf8 31. Rg1 Be7 32. hxg6 hxg6 33. Kg2 Rh8 34. Rf1
Rcf8 35. Rd1 Rd8 36. Rf1 Rhf8 37. Rh1 g5 38. Rg1 Rd6 39. Kg3 Kg6 40. Bc5 Rd7 41.
Be3 Rf6 42. Kg4 Rfd6 43. Rf1 Bf6 44. Bc5 Rd1 45. Rf2 R7d2 46. Be6 Rxf2 47. Bxf2
Rd2 48. Bc5 Rxa2 49. Bd5 Rg2+ 50. Kf3 Rd2 51. Be6 Kg7 52. Bc4 Rd1 53. Bb6 Ra1
54. Bc5 a4 55. Bb4 axb3 56. Bc3 Rc1 57. Bxb3 Rxc3+ 0-1

[Event "Online Olym Div2 E 2021"]
[Site "chess.com INT"]
[Date "2021.09.03"]
[Round "5.4"]
[Board "6"]
[White "Obregon Garcia, Roxangel"]
[Black "Santiago Sontay, Jenny Fernanda"]
[Result "0-1"]
[WhiteTitle "WIM"]
[WhiteElo "2167"]
[BlackElo "1708"]
[WhiteTeam "Cuba"]
[BlackTeam "Guatemala"]
[WhiteFideId "3520420"]
[BlackFideId "7303084"]
[EventDate "2021.09.02"]
[EventType "team"]

1. e4 e6 2. d4 d5 3. Nc3 Bb4 4. Ne2 Ne7 5. a3 Ba5 6. b4 Bb6 7. Bb2 c6 8. g3 O-O
9. Bg2 Nd7 10. O-O Qc7 11. Na4 Qd8 12. Qd3 Bc7 13. e5 a5 14. f4 b5 15. Nc5 Nb6
16. g4 Nc4 17. Bc3 f6 18. Ng3 fxe5 19. dxe5 Ng6 20. Ne2 Qh4 21. h3 Bb6 22. Kh2
Rf7 23. Rf3 Qe7 24. Raf1 Nh4 25. R3f2 Bxc5 26. bxc5 Qxc5 27. Qg3 Nxg2 28. Bd4
Qxa3 29. Qxg2 Qe7 30. Qg3 c5 31. Be3 d4 32. Bc1 a4 33. f5 exf5 34. gxf5 Qxe5 35.
Bf4 Qd5 36. f6 Rxf6 37. Bh6 Rxf2+ 38. Rxf2 Ra7 39. Nf4 Qd6 40. Bg5 h6 41. Bh4 a3
42. Be7 Rxe7 43. Ng6 Qxg3+ 44. Kxg3 Rf7 45. Re2 Ne3 46. c3 Ra7 47. Ra2 Be6 0-1

[Event "Online Olym Div2 E 2021"]
[Site "chess.com INT"]
[Date "2021.09.03"]
[Round "5.5"]
[Board "1"]
[White "Mieles Palau, Daniel"]
[Black "Henriquez Villagra, Cristobal"]
[Result "0-1"]
[WhiteTitle "IM"]
[BlackTitle "GM"]
[WhiteElo "2364"]
[BlackElo "2608"]
[WhiteTeam "Ecuador"]
[BlackTeam "Chile"]
[WhiteFideId "3600467"]
[BlackFideId "3409350"]
[EventDate "2021.09.02"]
[EventType "team"]

1. c4 g6 2. Nc3 Bg7 3. g3 Nf6 4. Bg2 O-O 5. Nf3 d6 6. d4 Nc6 7. O-O e5 8. dxe5
Nxe5 9. Nxe5 dxe5 10. Bg5 Qxd1 11. Raxd1 c6 12. Rd2 Be6 13. c5 h6 14. Bxf6 Bxf6
15. Ne4 Be7 16. b4 Rfd8 17. Nd6 a5 18. bxa5 Bxd6 19. cxd6 Rxa5 20. Rb1 Rxa2 21.
Rxa2 Bxa2 22. Rxb7 Rxd6 23. f4 exf4 24. gxf4 Bc4 25. Kf2 Rf6 26. e3 g5 27. Kg3
gxf4+ 28. exf4 Rg6+ 29. Kf2 Rd6 30. Rc7 Bb5 31. Bf3 Kg7 32. Kg3 Kg6 33. Be4+ Kf6
34. Bf3 Kg6 35. Be4+ f5 36. Bf3 Rd3 37. h4 h5 38. Rc8 Rc3 39. Kf2 c5 40. Bc6
Rc2+ 41. Kg3 Be2 42. Bd7 Bg4 43. Rc6+ Kf7 44. Rc7 Kf6 45. Bb5 Ke6 46. Rc8 Rc3+
47. Kg2 Kd5 48. Rd8+ Ke4 0-1

[Event "Online Olym Div2 E 2021"]
[Site "chess.com INT"]
[Date "2021.09.03"]
[Round "5.5"]
[Board "2"]
[White "Garcia Cardenas, Pablo"]
[Black "Munoz Sanchez, Miguel"]
[Result "1/2-1/2"]
[WhiteTitle "IM"]
[BlackTitle "IM"]
[WhiteElo "2422"]
[BlackElo "2222"]
[WhiteTeam "Chile"]
[BlackTeam "Ecuador"]
[WhiteFideId "3406903"]
[BlackFideId "3600734"]
[EventDate "2021.09.02"]
[EventType "team"]

1. d4 Nf6 2. c4 g6 3. Nc3 Bg7 4. e4 d6 5. h3 O-O 6. Be3 c5 7. Nf3 cxd4 8. Nxd4
Nc6 9. Be2 Bd7 10. Nb3 Rc8 11. O-O b6 12. Rc1 Ne5 13. Nd2 Bc6 14. b4 Bb7 15. Qb3
Qc7 16. f4 Ned7 17. Bd3 e6 18. Nf3 Rfd8 19. Bf2 Qb8 20. Rfe1 Qa8 21. a4 a5 22.
Nb5 Ne8 23. Nd2 axb4 24. Qxb4 Nc5 25. Bc2 e5 26. fxe5 dxe5 27. Nf3 Nf6 28. Bh4
Ncxe4 29. Bxe4 Bxe4 30. Nxe5 Bxg2 31. Qe7 Bxh3 32. Rc2 Rd7 33. Nxd7 Nxd7 34. Nd6
Rf8 35. Kh2 Bg4 36. Rf2 Qxa4 37. Rxf7 Qc2+ 38. Bf2 Qc3 39. Rxf8+ Nxf8 40. Qf7+
Kh8 41. Qf4 Qh3+ 42. Kg1 Bf3 43. Qh2 Qg4+ 44. Qg3 Qh5 45. Qh4 Qxh4 46. Bxh4 Bd4+
47. Bf2 Bxf2+ 48. Kxf2 Bc6 49. Re7 Nd7 50. Nf7+ Kg8 51. Nh6+ Kf8 52. Rxh7 Ne5
53. Rc7 Ke8 54. Ke3 Kd8 55. Rg7 Nxc4+ 56. Kd4 Nd6 57. Rxg6 Kc7 58. Rg7+ Bd7 59.
Rh7 Kc6 60. Nf7 Nxf7 61. Rxf7 1/2-1/2

[Event "Online Olym Div2 E 2021"]
[Site "chess.com INT"]
[Date "2021.09.03"]
[Round "5.5"]
[Board "3"]
[White "Fierro Baquero, Martha L."]
[Black "Morales Flores, Monserrat"]
[Result "0-1"]
[WhiteTitle "IM"]
[BlackTitle "WCM"]
[WhiteElo "2359"]
[BlackElo "1953"]
[WhiteTeam "Ecuador"]
[BlackTeam "Chile"]
[WhiteFideId "3600270"]
[BlackFideId "3412016"]
[EventDate "2021.09.02"]
[EventType "team"]

1. e4 c5 2. Nc3 e6 3. Nf3 a6 4. g3 Nc6 5. Bg2 d6 6. d4 cxd4 7. Nxd4 Qc7 8. O-O
Bd7 9. Be3 Nf6 10. h3 Be7 11. Nce2 O-O 12. c4 Nxd4 13. Qxd4 Bc6 14. Rac1 Nd7 15.
Nc3 Qa5 16. Bd2 Bf6 17. Qxd6 Rad8 18. Nd5 Qxa2 19. Nxf6+ Nxf6 20. Qf4 e5 21. Qe3
Qxb2 22. Bc3 Qb3 23. Qg5 Bxe4 24. Bxe5 h6 25. Qh4 Bxg2 26. Bxf6 Bxf1 27. Bxd8
Be2 28. Be7 Re8 29. c5 Bf3 30. Re1 Bc6 31. Qd4 Qf3 0-1

[Event "Online Olym Div2 E 2021"]
[Site "chess.com INT"]
[Date "2021.09.03"]
[Round "5.5"]
[Board "4"]
[White "Reyes Jara, Paula"]
[Black "Heredia Serrano, Carla"]
[Result "1-0"]
[WhiteTitle "WFM"]
[BlackTitle "WGM"]
[WhiteElo "1871"]
[BlackElo "2107"]
[WhiteTeam "Chile"]
[BlackTeam "Ecuador"]
[WhiteFideId "3403920"]
[BlackFideId "3603687"]
[EventDate "2021.09.02"]
[EventType "team"]

1. e4 c6 2. d4 d5 3. exd5 cxd5 4. c4 Nf6 5. Nc3 g6 6. Nf3 Bg7 7. Be2 O-O 8. O-O
dxc4 9. Bxc4 Nbd7 10. Re1 Nb6 11. Bb3 Bg4 12. h3 Bd7 13. Qe2 Bc6 14. Bg5 Rc8 15.
Rad1 e6 16. Ne5 Bd5 17. Nxd5 exd5 18. Ng4 Qd6 19. Qe7 Qxe7 20. Rxe7 Ne4 21. Be3
Nd6 22. Bf4 Nf5 23. Rxb7 Nxd4 24. Nh6+ Kh8 25. Nxf7+ Kg8 26. Nh6+ Kh8 27. Rxg7
Ne2+ 28. Kf1 Kxg7 29. Be3 d4 30. Bd2 Ng3+ 31. Kg1 Ne4 32. Ng4 h5 33. Ne5 Nxf2
34. Rf1 Ne4 35. Bb4 Rxf1+ 36. Kxf1 Rc1+ 37. Ke2 Ng3+ 38. Kd3 Nf5 39. Nf3 Rc7 40.
g4 hxg4 41. hxg4 Ne7 42. Nxd4 Rd7 43. Bc3 Nbd5 44. Bd2 Nf6 45. Kc4 Rc7+ 46. Kb5
Rd7 47. Ne6+ Kh7 48. Bc3 Nfd5 49. Nf8+ Kg8 50. Nxd7 Kf7 51. Kc5 Ke6 52. Nf8+ Kf7
53. Bxd5+ Nxd5 54. Kxd5 1-0

[Event "Online Olym Div2 E 2021"]
[Site "chess.com INT"]
[Date "2021.09.03"]
[Round "5.5"]
[Board "5"]
[White "Jaramillo Arce, David"]
[Black "Castellanos Villela, Alejandro"]
[Result "1-0"]
[BlackTitle "CM"]
[WhiteElo "1970"]
[BlackElo "2202"]
[WhiteTeam "Ecuador"]
[BlackTeam "Chile"]
[WhiteFideId "3610004"]
[BlackFideId "3446379"]
[EventDate "2021.09.02"]
[EventType "team"]

1. d4 Nf6 2. Nf3 e6 3. g3 d5 4. Bg2 Be7 5. O-O O-O 6. c4 dxc4 7. Qc2 c6 8. Qxc4
b5 9. Qb3 Bb7 10. Nc3 Qb6 11. Be3 b4 12. Na4 Qb5 13. Nc5 Bxc5 14. dxc5 a5 15.
Nd4 Qa6 16. Bf4 Re8 17. Bd6 Nbd7 18. Qf3 Rac8 19. Rac1 a4 20. Rfd1 g6 21. e4 e5
22. Nc2 Qa5 23. Ne3 Ba6 24. h4 Ra8 25. Bh3 Kg7 26. h5 h6 27. hxg6 fxg6 28. Bxd7
Nxd7 29. Ng4 Re6 30. Bxe5+ Nxe5 31. Nxe5 Ra7 32. Ng4 Qb5 33. Qf4 g5 34. Qf5 Rae7
35. Rd8 Rxe4 36. Qf6+ 1-0

[Event "Online Olym Div2 E 2021"]
[Site "chess.com INT"]
[Date "2021.09.03"]
[Round "5.5"]
[Board "6"]
[White "Sanchez Tobar, Francisca Valenti"]
[Black "Penafiel Mendoza, Josselyne"]
[Result "0-1"]
[WhiteTitle "WCM"]
[WhiteElo "1777"]
[BlackElo "1782"]
[WhiteTeam "Chile"]
[BlackTeam "Ecuador"]
[WhiteFideId "3431304"]
[BlackFideId "3617556"]
[EventDate "2021.09.02"]
[EventType "team"]

1. e4 c5 2. Nc3 Nc6 3. g3 d6 4. Bg2 e5 5. d3 Be7 6. Be3 Nf6 7. h3 O-O 8. Nge2
Rb8 9. O-O b5 10. Qd2 Nd4 11. f4 h6 12. f5 Nh7 13. Nd5 Bg5 14. c3 Bxe3+ 15. Nxe3
Nxe2+ 16. Qxe2 b4 17. cxb4 Rxb4 18. Nd5 Rd4 19. Rad1 Qg5 20. Kh2 Bb7 21. Ne3 Qd8
22. b3 Rb4 23. Nc4 Bc6 24. Rf2 a5 25. Rdf1 f6 26. Ne3 Rf7 27. Rb1 a4 28. Qd1
Rfb7 29. Rfb2 Qb8 30. Nc4 axb3 31. a3 R4b5 32. Qd2 Ng5 33. h4 Nf7 34. Bf3 Rd7
35. Bd1 d5 36. Na5 Ba8 37. Rxb3 Rxb3 38. Rxb3 Qd8 39. exd5 Bxd5 40. Rb2 e4 41.
dxe4 Bxe4 42. Qf4 Rxd1 43. Qxe4 Rd2+ 44. Rxd2 Qxd2+ 45. Kh3 Ne5 46. Nb7 Qd1 47.
Qg2 Qg4+ 48. Kh2 Nf3+ 49. Kh1 Qxf5 50. Qf1 Qd5 51. Na5 Nxh4+ 52. Kh2 Nf3+ 53.
Kh3 Ng5+ 54. Kh2 Qd2+ 55. Qg2 Qxa5 56. Qd5+ Nf7 0-1

[Event "Online Olym Div2 E 2021"]
[Site "chess.com INT"]
[Date "2021.09.03"]
[Round "6.1"]
[Board "1"]
[White "Arenas, David"]
[Black "Henriquez Villagra, Cristobal"]
[Result "0-1"]
[WhiteTitle "GM"]
[BlackTitle "GM"]
[WhiteElo "2455"]
[BlackElo "2608"]
[WhiteTeam "Colombia"]
[BlackTeam "Chile"]
[WhiteFideId "4403177"]
[BlackFideId "3409350"]
[EventDate "2021.09.02"]
[EventType "team"]

1. e4 c6 2. d4 d5 3. e5 Bf5 4. Nd2 e6 5. Nb3 Nd7 6. Nf3 h6 7. Be2 Ne7 8. O-O g5
9. Bd2 Bg7 10. Bb4 O-O 11. a4 f6 12. exf6 Rxf6 13. a5 Ng6 14. Bd6 Bf8 15. Bg3
Rf7 16. Re1 g4 17. Nfd2 h5 18. f3 Qg5 19. fxg4 hxg4 20. Nf1 Nf6 21. Bd3 Nh5 22.
Qc1 Ngf4 23. Bxf5 exf5 24. Nc5 Rf6 25. Nd7 Rf7 26. Ne5 Rg7 27. a6 bxa6 28. Qd2
c5 29. Rxa6 cxd4 30. Nd3 Nxd3 31. Qxd3 Rc8 32. Rae6 Bc5 33. R6e5 Rf8 34. Rxd5
Bb6 35. Bd6 Nf4 36. Bxf4 Qxf4 37. Ng3 Rh7 38. Rf1 Qe3+ 39. Qxe3 dxe3 40. Ne2 f4
41. Rg5+ Rg7 42. Rxg7+ Kxg7 0-1

[Event "Online Olym Div2 E 2021"]
[Site "chess.com INT"]
[Date "2021.09.03"]
[Round "6.1"]
[Board "2"]
[White "Salinas Herrera, Pablo"]
[Black "Barrientos, Sergio E"]
[Result "0-1"]
[WhiteTitle "GM"]
[BlackTitle "GM"]
[WhiteElo "2509"]
[BlackElo "2475"]
[WhiteTeam "Chile"]
[BlackTeam "Colombia"]
[WhiteFideId "3407128"]
[BlackFideId "4401824"]
[EventDate "2021.09.02"]
[EventType "team"]

1. d4 Nf6 2. Nf3 e6 3. Bf4 c5 4. e3 cxd4 5. exd4 b6 6. Bd3 Bb7 7. O-O Be7 8. Re1
O-O 9. a4 a6 10. c3 d6 11. Nbd2 Nbd7 12. Qe2 Re8 13. h3 Qc7 14. Bh2 h6 15. Nf1
Bf8 16. Ne3 Qc6 17. Nc2 e5 18. Nb4 Qc8 19. dxe5 dxe5 20. Bc4 e4 21. Nd4 Ne5 22.
Ba2 a5 23. Nbc2 Nd3 24. Reb1 Nd5 25. Ne3 N5f4 26. Qd2 Bc5 27. Ng4 Bd6 28. Ne3
Be5 29. Nb5 Qd8 30. Bg3 Qg5 31. h4 Qg6 32. Nd4 Rad8 33. Bc4 Bxd4 34. cxd4 Nh5
35. Bc7 Rxd4 36. Qc3 Rd7 37. Bb5 Nhf4 38. Bxf4 Nxf4 39. Re1 Rd3 40. Qc7 Rxe3 41.
Qxf4 Rxe1+ 42. Rxe1 Bc6 43. h5 Qe6 44. Bd3 Qe5 45. Qc1 Re6 46. Bf1 Qxh5 47. b3
Rf6 48. Qe3 Qc5 49. Qg3 g5 50. Rd1 Kg7 51. Rd2 Bd5 52. Rd1 Be6 53. Re1 Rf4 54.
Re3 Qc1 55. Qh2 Bc8 56. g3 Ba6 57. Qg2 Bxf1 58. Qxf1 Qxe3 59. fxe3 Rxf1+ 60.
Kxf1 f5 0-1

[Event "Online Olym Div2 E 2021"]
[Site "chess.com INT"]
[Date "2021.09.03"]
[Round "6.1"]
[Board "3"]
[White "Rivera, Ingris"]
[Black "Reyes Jara, Paula"]
[Result "1-0"]
[WhiteTitle "WIM"]
[BlackTitle "WFM"]
[WhiteElo "2249"]
[BlackElo "1871"]
[WhiteTeam "Colombia"]
[BlackTeam "Chile"]
[WhiteFideId "4402472"]
[BlackFideId "3403920"]
[EventDate "2021.09.02"]
[EventType "team"]

1. d4 Nf6 2. c4 g6 3. Nc3 c5 4. d5 d6 5. e4 Bg7 6. Bg5 O-O 7. f3 e6 8. Qd2 a6 9.
a4 Qc7 10. Nge2 exd5 11. Bxf6 Bxf6 12. Nxd5 Qd8 13. Nxf6+ Qxf6 14. Nc3 Be6 15.
Qxd6 Nd7 16. Be2 Rfd8 17. Qd2 Ne5 18. Nd5 Qh4+ 19. g3 Qh3 20. Kf2 Kg7 21. Qc3
Bxd5 22. Qxe5+ f6 23. Qe7+ Bf7 24. Qxc5 Rd2 25. Qb4 Rad8 26. Rad1 Rxd1 27. Bxd1
Qd7 28. Qc3 Rc8 29. Be2 Qxa4 30. b3 Qc6 31. Rd1 b5 32. Qd4 bxc4 33. bxc4 a5 34.
Qa7 a4 35. Rd7 Qc5+ 36. Qxc5 Rxc5 37. Ra7 a3 38. Rxa3 Bxc4 39. Rc3 f5 40. Rxc4
Ra5 41. Rc7+ Kh6 42. Ke3 fxe4 43. fxe4 Ra2 44. e5 Ra5 45. Ke4 Kg5 46. h4+ Kh6
47. e6 g5 48. e7 Ra8 49. Bb5 1-0

[Event "Online Olym Div2 E 2021"]
[Site "chess.com INT"]
[Date "2021.09.03"]
[Round "6.1"]
[Board "4"]
[White "Abarca Gonzalez, Damaris"]
[Black "Chirivi C, Jenny Astrid"]
[Result "0-1"]
[WhiteTitle "WFM"]
[BlackTitle "WIM"]
[WhiteElo "2047"]
[BlackElo "2124"]
[WhiteTeam "Chile"]
[BlackTeam "Colombia"]
[WhiteFideId "3409414"]
[BlackFideId "4403061"]
[EventDate "2021.09.02"]
[EventType "team"]

1. e4 c5 2. Nc3 a6 3. g3 b5 4. Bg2 Bb7 5. d3 d6 6. Be3 Nf6 7. h3 e6 8. Nge2 Qc7
9. O-O b4 10. Nb1 Nc6 11. f4 Be7 12. Nd2 Nd7 13. f5 exf5 14. Rxf5 Bf6 15. c3 O-O
16. Rf2 a5 17. Rc1 Ne7 18. d4 Rac8 19. Rf1 Ba6 20. Re1 Rfe8 21. Nf4 g6 22. Bf1
Qb7 23. Bxa6 Qxa6 24. Nf3 bxc3 25. bxc3 cxd4 26. cxd4 Rxc1 27. Bxc1 Bg7 28. Qa4
Rd8 29. Ba3 Nb6 30. Qb3 a4 31. Qd3 Qxd3 32. Nxd3 Nc4 33. Bb4 Nc6 34. Bc3 Na3 35.
Rc1 Nb5 36. e5 dxe5 37. Ndxe5 Ncxd4 38. Bxd4 Nxd4 39. Nxd4 Rxd4 40. Rc8+ Bf8 41.
Ng4 Kg7 42. Rc2 Be7 43. Ne5 Bf6 44. Nc6 Rd3 45. Kg2 h5 46. Nb4 Rd6 47. Re2 Bc3
48. Nc2 Rd3 49. Ne3 a3 50. Nc4 Bb4 51. Ne5 Rd5 52. Nc6 Bd6 53. Rc2 Rd3 54. g4
hxg4 55. hxg4 Rg3+ 56. Kf2 Rxg4 57. Rd2 Bc5+ 58. Kf3 Rc4 59. Rd7 Rc3+ 60. Kg2
Rc2+ 61. Kf3 Rxa2 62. Ne5 Rf2+ 63. Kg3 a2 0-1

[Event "Online Olym Div2 E 2021"]
[Site "chess.com INT"]
[Date "2021.09.03"]
[Round "6.1"]
[Board "5"]
[White "Cardoso Cardoso, Jose Gabriel"]
[Black "Castellanos Villela, Alejandro"]
[Result "1-0"]
[WhiteTitle "FM"]
[BlackTitle "CM"]
[WhiteElo "2428"]
[BlackElo "2202"]
[WhiteTeam "Colombia"]
[BlackTeam "Chile"]
[WhiteFideId "4430492"]
[BlackFideId "3446379"]
[EventDate "2021.09.02"]
[EventType "team"]

1. c4 b6 2. Nc3 Bb7 3. Nf3 Nf6 4. g3 c5 5. Bg2 g6 6. O-O Bg7 7. d4 cxd4 8. Nxd4
Bxg2 9. Kxg2 Nc6 10. b3 Ne4 11. Nxe4 Bxd4 12. Rb1 d5 13. cxd5 Qxd5 14. f3 Rd8
15. Bh6 Ne5 16. Qc2 f5 17. Bg7 Rg8 18. Bxe5 Qxe5 19. Qc6+ Kf8 20. Ng5 Rd6 21.
Qc4 e6 22. Qc7 Rg7 23. Nxh7+ Kg8 24. Nf6+ Kf8 25. Qc8+ Ke7 26. Ng8+ Kf7 27. Nh6+
Ke7 28. e4 Be3 29. Rbd1 Bd2 30. Qc2 Qc3 31. Qxc3 Bxc3 32. g4 Bd2 33. f4 fxe4 34.
h4 Rd3 35. Rf2 e3 36. Re2 Rh7 37. g5 Rh8 38. Kf3 Rhd8 39. Ng4 Rc3 40. Ne5 Rc2
41. Nxg6+ Ke8 42. h5 Rd3 43. h6 Rc7 44. Rh1 Rh7 45. Ne5 Rc3 46. g6 Rh8 47. g7 1-0